Loading...
| History - World History | 0 | 3 | 0 | 1 | 30 | 51 | 86.33 | 0 | 0 |
| Fine Arts - Classical Music | 0 | 3 | 1 | 1 | 25 | 49 | 85.33 | 0 | 1 |
| Science - Other Science | 0 | 2 | 0 | 1 | 20 | 77 | 93.00 | 0 | 0 |
| History - American History | 0 | 2 | 0 | 0 | 20 | 67 | 75.50 | 0 | 0 |
| History - European History | 0 | 2 | 0 | 1 | 20 | 62 | 82.50 | 0 | 0 |
| Science - Biology | 0 | 2 | 0 | 0 | 20 | 77 | 84.50 | 0 | 0 |
| Social Science | 0 | 1 | 0 | 0 | 10 | 82 | 82.00 | 0 | 0 |
| Literature - European Literature | 0 | 1 | 0 | 0 | 10 | 98 | 98.00 | 0 | 0 |
| Literature - World Literature | 0 | 1 | 0 | 0 | 10 | 125 | 125.00 | 0 | 0 |
| Philosophy | 0 | 1 | 0 | 0 | 10 | 100 | 100.00 | 0 | 0 |
| Pop Culture | 0 | 1 | 0 | 0 | 10 | 111 | 111.00 | 0 | 0 |
| Current Events | 0 | 1 | 0 | 0 | 10 | 69 | 69.00 | 0 | 0 |
| Religion | 0 | 1 | 2 | 0 | 0 | 108 | 108.00 | 0 | 0 |
| Fine Arts - Other Fine Arts | 0 | 1 | 2 | 0 | 0 | 72 | 72.00 | 1 | 1 |
| Painting/Sculpture | 0 | 0 | 1 | 0 | -5 | 0.00 | 0 | 0 | |
| History - Other History | 0 | 0 | 2 | 0 | -10 | 0.00 | 0 | 0 |